| 000 | 00588nam a22002172 4500 | ||
|---|---|---|---|
| 001 | 0000005800 | ||
| 005 | 20151217152006.0 | ||
| 008 | 070717s xx 000 0 eng d | ||
| 020 | _a0582278449 : | ||
| 040 |
_aKABU _cKABU |
||
| 050 | 0 |
_aHF5547.5 _b.H37 1996 |
|
| 100 | 1 |
_aHarrison, John. _@0000104611 |
|
| 245 | 1 | 0 | _aSecretarial duties. |
| 250 | _a10th ed. | ||
| 260 |
_aHarlow, England : _bPearson, _c1996. |
||
| 300 | _axxiv, 351 p. | ||
| 650 | 0 |
_aOffice procedure. _@0000157023 |
|
| 908 | _a070717 | ||
| 950 | _@1 | ||
| 999 |
_c7076 _d7076 |
||